| 000 | 00528nam a2200181Ia 4500 | ||
|---|---|---|---|
| 001 | 12116 | ||
| 003 | GE_BSU | ||
| 008 | 181216s||||||||xx |||||||||||||| ||und|| | ||
| 040 | _cGE_BSU | ||
| 245 | _aВокруг света №11 (2890) Ноябрь 2014. | ||
| 245 | _bжурнал русского географического общества | ||
| 245 | _cГл.ред. Ал.Монахов | ||
| 260 | _aМосква | ||
| 260 | _c2014 | ||
| 300 | _a204 стр.27 см. | ||
| 653 | _aВокруг света | ||
| 942 | _cCR | ||
| 999 |
_c45292 _d45292 |
||